Real estate Chicago

Detalles Bibliográficos
Formato: Electrónico Revista
Lenguaje:inglés
Publicado: New York : Real Estate Media
Materias:
Acceso en línea:Full text available from Research Library: 09/01/2001 to 07/31/2003

MARC

LEADER 00000nas a2200000 i 4500
001 ssj0001077161
003 WaSeSS
005 20200512172242.0
006 m d
007 cr n
008 131220u20uuuuuunyub| p|s|||||| |0eng d
035 |a (WaSeSS)ssj0001077161 
040 |a WaSeSS  |b eng  |c WaSeSS  |d WaSeSS 
043 |a n-us-il 
050 1 4 |a HG1 
245 0 0 |a Real estate Chicago  |h [electronic resource]. 
260 |a New York :  |b Real Estate Media 
310 |a Bimonthly 
506 |a License restrictions may limit access. 
588 |a Description based on: 2, 8 (September 2001); title from article pdf (ProQuest, viewed Dec. 18, 2013). 
588 |a Latest issue consulted: 4, 4 (July/August 2003) (viewed Dec. 18, 2013). 
650 0 |a Real estate business  |z Illinois  |z Chicago  |v Periodicals. 
650 0 |a Real estate business  |z Illinois  |v Periodicals. 
655 0 |a Electronic journals. 
856 4 0 |z Full text available from Research Library: 09/01/2001 to 07/31/2003  |u https://search.proquest.com/publication/27399